Mathematical modelling and numerical methods in finance, volume 15: special volume (handbook of numerical analysis) (Record no. 5648)

MARC details
000 -LEADER
fixed length control field 00907nam a2200217Ia 4500
008 - FIXED-LENGTH DATA ELEMENTS--GENERAL INFORMATION
fixed length control field 191130s2010##################000#0#eng##
020 ## - INTERNATIONAL STANDARD BOOK NUMBER
International Standard Book Number 9780444518798
040 ## - CATALOGING SOURCE
Original cataloging agency ACL
Transcribing agency ACL
082 ## - DEWEY DECIMAL CLASSIFICATION NUMBER
Classification number 332.015118 BEN
245 ## - TITLE STATEMENT
Title Mathematical modelling and numerical methods in finance, volume 15: special volume (handbook of numerical analysis)
Statement of responsibility, etc. general ed. P.G. Ciarlet ; guest ed. Alain Bensoussan, Qiang Zhang
260 ## - PUBLICATION, DISTRIBUTION, ETC.
Place of publication, distribution, etc. Amsterdam ; New York
Name of publisher, distributor, etc. Distributors for the United States and Canada, Elsevier Science Pub. Co., North-Holland , North-Holland Elsevier
Date of publication, distribution, etc. 2010
300 ## - PHYSICAL DESCRIPTION
Extent xv, 726 p. : ill. (some col.) ; 25 cm
500 ## - GENERAL NOTE
General note Includes bibliographical references and indexes
650 ## - SUBJECT ADDED ENTRY--TOPICAL TERM
Topical term or geographic name entry element Finance -- Mathematical models
Topical term or geographic name entry element Numerical analysis
700 ## - ADDED ENTRY--PERSONAL NAME
Personal name Bensoussan, Alain
Personal name Zhang, Qiang
990 ## - EQUIVALENCES OR CROSS-REFERENCES [LOCAL, CANADA]
Link information for 9XX fields 28920a72ac10000c363def330a7f77e7
991 ## -
-- 146525
Holdings
Withdrawn status Lost status Materials specified (bound volume or other part) Damaged status Not for loan Home library Current library Shelving location Date acquired Total Checkouts Full call number Barcode Date last seen Price effective from Koha item type
    hbk     Anna Centenary Library Anna Centenary Library 4TH FLOOR, A WING 09.10.2020   332.015118 BEN 350816 09.10.2020 09.10.2020 English Books

Find us on the map